晨讀10分鐘 : 我的成功,我決定
| 資料類型: | 圖書 | 書目號: | 51676 |
Leader xxxxxxxxxx 001 __ 102490/9/01 005 __ 20171120175611.443 010 0_ |a9789869498364|b平裝|d新臺幣320元 020 __ |atw|b106009907 042 __ |anbim 100 __ |a20171120d2017 k y0chiy50 e 101 0_ |achi 102 __ |atw 105 __ |aa z 000fy 200 1_ |a晨讀10分鐘|e我的成功,我決定|f五月天等作|g葉丙成主編 205 __ |a初版 210 __ |a臺北市|c親子天下|d2017[民106] 215 0_ |a287面|c彩圖|d21公分 225 12 |a晨讀10分鐘系列|v28 517 1_ |a我的成功我決定|zchi 681 __ |a859.7|b8467 700 _1 |a葉|b丙成|4主編 710 02 |a五月天|4作 801 _0 |atw|bLibDipper|c20171120|gCCR |